Vedecká konferencia pedagógov

Saved in:
Bibliographic Details
Main Author: Horvátová, Eva, 1958-
Other Authors: Tkáčová, Daniela, 1954-
Format: Book Chapter
Language:Slovak
Tags: Add Tag
No Tags, Be the first to tag this record!

MARC

LEADER 00000naa$a2200000$$$4500
001 0098160
005 20240502072102.3
041 0 |a slo 
044 |a SK 
245 1 0 |a Vedecká konferencia pedagógov  |c Eva Horvátová, Dana Tkáčová 
100 1 |a Horvátová, Eva, 1958- 
700 1 |a Tkáčová, Daniela, 1954-